[Event "Portoroz op"]
[Site "Portoroz"]
[Date "1995.??.??"]
[Round "?"]
[White "Zontakh, Andrey"]
[Black "Piber, Vinko"]
[Result "1-0"]
[WhiteElo "2460"]
[BlackElo "2030"]

1.e4 e6 2.d4 d5 3.Nc3 Nf6 4.e5 Nfd7 5.f4 c5 6.Nf3 Nc6 7.Be3 cxd4 8.Nxd4 Nxd4
9.Bxd4 a6 10.Qd2 Bc5 11.O-O-O b5 12.h4 Qa5 13.Kb1 b4 14.Ne2 Qb6 15.Bxc5 Nxc5
16.Qe3 Bd7 17.f5 Rb8 18.Ng3 Ne4 19.Qxb6 Rxb6 20.fxe6 Bxe6 21.Nxe4 dxe4 22.Rd4 Bf5
23.Be2 h5 24.Rf1 g6 25.Rfd1 Ke7 26.Rd6 Rxd6 27.exd6+ Kf6 28.Bxa6 Ke5 29.Bb5 Bg4
30.Re1 f5 31.d7 Kf6 32.c4 bxc3 33.bxc3 f4 34.a4 g5 35.hxg5+ Kxg5 36.c4 Rd8
37.c5 Rxd7 38.Bxd7 Bxd7 39.a5 Bb5 40.Kc2 e3 41.Rb1 Bc6 42.a6 Be4+ 43.Kc3 Kf5
44.Rb6 Bxg2 45.c6 Ke6 46.a7  1-0

[Event "Pozarevac"]
[Site "Pozarevac"]
[Date "1995.??.??"]
[Round "3"]
[White "Zontakh, Andrey"]
[Black "Ristovic, Ninad"]
[Result "1-0"]
[WhiteElo "2460"]
[BlackElo "2300"]

1.e4 e6 2.d4 d5 3.Nc3 Nf6 4.e5 Nfd7 5.f4 c5 6.Nf3 Nc6 7.Be3 a6 8.Qd2 b5 9.dxc5 Bxc5
10.Bxc5 Nxc5 11.Bd3 b4 12.Ne2 Qb6 13.O-O-O a5 14.Kb1 Ba6 15.Qe3 Rb8 16.Bxa6 Nxa6
17.Ned4 Nc7 18.Rhe1 Na7 19.f5 Nab5 20.Qf4 h6 21.Qg4 Kf8 22.Rf1 Kg8 23.fxe6 Nxe6
24.Nxb5 Qxb5 25.Nd4 Nxd4 26.Qxd4 Rd8 27.Rf3 h5 28.Rdf1 Rd7 29.e6 fxe6 30.Rf8+ Kh7
31.Rxh8+ Kxh8 32.Rf8+ Kh7 33.Qe5 Kh6 34.h4 g5 35.Qf6+ Kh7  1-0

[Event "Recklinghausen"]
[Site "Recklinghausen"]
[Date "1995.??.??"]
[Round "?"]
[White "Mainka, Romuald"]
[Black "Glek, Igor V"]
[Result "0-1"]
[WhiteElo "2530"]
[BlackElo "2580"]

1.e4 e6 2.d4 d5 3.Nc3 Nf6 4.e5 Nfd7 5.f4 c5 6.Nf3 Nc6 7.Be3 a6 8.Qd2 b5 9.dxc5 Bxc5
10.Bxc5 Nxc5 11.Qf2 Qb6 12.Bd3 b4 13.Ne2 a5 14.O-O Ba6 15.Kh1 Ne7 16.Rfd1 h6
17.Ned4 O-O 18.Qh4 Ra7 19.g4 Ng6 20.Bxg6 fxg6 21.f5 Raf7 22.g5 Rxf5 23.Nxf5 Rxf5
24.gxh6 Rxf3 25.hxg7 Kxg7 26.Rg1 Ne4 27.Rae1 Rf5 28.Rxe4 dxe4 29.Qe7+ Rf7
30.Qg5 Be2 31.Qxg6+ Kf8 32.Qh6+ Ke7  0-1

[Event "Rostov on Don (Women)"]
[Site "Rostov"]
[Date "1995.??.??"]
[Round "6"]
[White "Kulish, Irina"]
[Black "Matveeva, Svetlana"]
[Result "0-1"]
[WhiteElo "2245"]
[BlackElo "2430"]

1.e4 e6 2.d4 d5 3.Nc3 Nf6 4.e5 Nfd7 5.f4 c5 6.Nf3 Nc6 7.Be3 cxd4 8.Nxd4 Bc5
9.Qd2 O-O 10.O-O-O a6 11.h4 Nxd4 12.Bxd4 b5 13.Rh3 b4 14.Na4 Bxd4 15.Qxd4 a5
16.b3 Ba6 17.Kb1 Bxf1 18.Rxf1 Qc7 19.h5 Ra6 20.Re3 Rc6 21.Rf2 f6 22.Ree2 h6
23.exf6 Nxf6 24.f5 Ne4 25.Rf3 Rc8 26.Qd3 Qe5 27.fxe6 Rxe6 28.g4 Qg5 29.Rf5 Qxg4
30.Qxd5 Re8 31.Re1 Kh7 32.Rc1 Nd2+ 33.Kb2 Re2 34.Nc5 Rd8 35.Qxd8 Qxf5 36.Qd3 Qxd3
37.Nxd3 Rh2 38.a3 bxa3+ 39.Kxa3 Rxh5  0-1

[Event "Sala op"]
[Site "Sala"]
[Date "1995.??.??"]
[Round "3"]
[White "Betko, Lubomir"]
[Black "Hagarova, Zuzana"]
[Result "1/2-1/2"]
[WhiteElo "2185"]
[BlackElo "2230"]

1.e4 e6 2.d4 d5 3.Nc3 Nf6 4.e5 Nfd7 5.f4 c5 6.Nf3 Nc6 7.Be3 a6 8.Qd2 b5 9.dxc5 Bxc5
10.Bxc5 Nxc5 11.Nd4 Bd7 12.Qe3 Nxd4 13.Qxd4 Qb6 14.Bd3 Nxd3+ 15.Qxd3 b4 16.Ne2 Bb5
17.Qd4 Qc6 18.Qxb4 Bxe2 19.Kxe2 Qxc2+ 20.Kf3 Qd3+ 21.Kf2 Qc2+ 22.Kf3  1/2-1/2

[Event "Sala op"]
[Site "Sala"]
[Date "1995.??.??"]
[Round "7"]
[White "Betko, Lubomir"]
[Black "Pcola, Pavel"]
[Result "0-1"]
[WhiteElo "2185"]
[BlackElo "2305"]

1.e4 e6 2.d4 d5 3.Nc3 Nf6 4.e5 Nfd7 5.f4 c5 6.Nf3 Nc6 7.Be3 a6 8.Qd2 b5 9.dxc5 Bxc5
10.Bxc5 Nxc5 11.Qf2 Qb6 12.Bd3 b4 13.Ne2 a5 14.O-O Ba6 15.f5 exf5 16.Rad1 Bxd3
17.Rxd3 d4 18.Rxd4 Nxd4 19.Nfxd4 g6 20.g4 Ne6 21.gxf5 Nxd4 22.Qxd4 Qxd4+
23.Nxd4 Rd8 24.c3 Rd5 25.Re1 gxf5 26.Kf2 Rg8 27.Kf3 bxc3 28.bxc3 Rg4 29.Nxf5 Ra4
30.Nd6+ Kf8 31.c4 Rd4 32.c5 Ra3+ 33.Re3 Rxe3+ 34.Kxe3 Rd5 35.Nb7 Rxe5+ 36.Kd4 Re2
37.c6 Ke7 38.Kc5 Rxa2 39.Kb6 Rc2 40.Nxa5 f5  0-1

[Event "Salta Clarin op"]
[Site "Salta"]
[Date "1995.??.??"]
[Round "6"]
[White "Aparicio, Anibal"]
[Black "Belmonte, Diego Mariano"]
[Result "1-0"]
[WhiteElo "2325"]
[BlackElo "2160"]

1.e4 e6 2.d4 d5 3.Nc3 Nf6 4.e5 Nfd7 5.f4 c5 6.Nf3 Nc6 7.Be3 cxd4 8.Nxd4 Bc5
9.Qd2 a6 10.O-O-O O-O 11.Kb1 Nxd4 12.Bxd4 b5 13.Ne2 Qb6 14.Qe3 a5 15.Bxc5 Nxc5
16.f5 Na4 17.Qg3 exf5 18.Nf4 Be6 19.Nh5 g6 20.Nf6+ Kg7 21.Qh4 h6 22.Bd3 b4
23.Ka1 Qc7 24.Rde1 d4 25.Rhf1 Rac8 26.Nh5+ Kh7 27.Nf6+ Kg7 28.Nh5+ Kh7 29.Nf6+ Kg7
30.Nh5+ Kh7 31.Rf3 Rh8 32.Rh3 Nc5 33.Qf6 Rhg8 34.Qg7+  1-0

[Event "San Francisco"]
[Site "San Francisco"]
[Date "1995.??.??"]
[Round "5"]
[White "Huebner, Robert"]
[Black "Kortschnoj, Viktor"]
[Result "0-1"]
[WhiteElo "2620"]
[BlackElo "2635"]

1.e4 e6 2.d4 d5 3.Nc3 Nf6 4.e5 Nfd7 5.f4 c5 6.Nf3 Nc6 7.Be3 cxd4 8.Nxd4 Qb6
9.Ncb5 a6 10.Nf5 Bc5 11.Bxc5 Nxc5 12.Nbd6+ Kf8 13.Qh5 Nd8 14.Nxg7 Qb4+ 15.c3 Qxb2
16.Rd1 Qxc3+ 17.Rd2 h6 18.Nge8 Ne4  0-1

[Event "San Luis Clarin GP"]
[Site "San Luis"]
[Date "1995.??.??"]
[Round "3"]
[White "Malbran, Guillermo"]
[Black "Belmonte, Diego Mariano"]
[Result "1-0"]
[WhiteElo "2335"]
[BlackElo "2160"]

1.e4 e6 2.d4 d5 3.Nc3 Nf6 4.e5 Nfd7 5.f4 c5 6.Nf3 Nc6 7.Be3 Qb6 8.Na4 Qa5+
9.c3 c4 10.b4 Qc7 11.Nb2 Nb6 12.Be2 Bd7 13.a4 a5 14.b5 Ne7 15.Bf2 O-O-O 16.Bh4 Be8
17.O-O h6 18.Qd2 Bd7 19.Nd1 Re8 20.Ne3 Nf5 21.Nxf5 exf5 22.Ne1 Be6 23.Nc2 Qd7
24.Ne3 Be7 25.Bxe7 Qxe7 26.g4 g6 27.gxf5 gxf5 28.Kh1 Rhg8 29.Bd1 Rg7 30.Bc2 Qd7
31.Qf2 Reg8 32.Qh4 Rg6 33.Qh3 Kc7 34.Bxf5 Bxf5 35.Qxf5 Qxf5 36.Nxf5 Kd7 37.Ra2 h5
38.Nd6 Ke7 39.Nf5+ Kf8 40.Nd6 h4 41.Nxb7 h3 42.Nxa5 Rg2 43.Rfa1 R2g4 44.Nc6 Rxf4
45.a5 Na4 46.b6 Nxc3 47.b7 Nxa2 48.b8=Q+ Kg7 49.Rg1+  1-0

[Event "SCO-ch"]
[Site "?"]
[Date "1995.??.??"]
[Round "8"]
[White "Dearing, Eddie"]
[Black "Swan, Iain"]
[Result "1/2-1/2"]
[WhiteElo "2015"]
[BlackElo "2275"]

1.e4 e6 2.d4 d5 3.Nc3 Nf6 4.e5 Nfd7 5.f4 c5 6.Nf3 Nc6 7.Be3 cxd4 8.Nxd4 Qb6
9.Qd2 Qxb2 10.Rb1 Qa3 11.Bb5 Nxd4 12.Bxd4 Bb4 13.O-O a6 14.Rb3 Qa5 15.Rfb1 Be7
16.Bxd7+ Bxd7 17.Qf2 Rc8 18.f5 Bc5 19.Kh1 Bxd4 20.Qxd4 Rc4 21.Qa7 Qc5 22.Qb8+ Bc8
23.Na4 Rxa4 24.Rxb7 Rc4 25.fxe6 O-O 26.Rxf7 Rxf7 27.exf7+ Kxf7 28.e6+ Bxe6
29.Rb7+ Kf6 30.Qd8+ Kf5 31.Rxg7 Qe3 32.Qf8+ Ke5 33.Qb8+ Ke4 34.Qb1 Qe2 35.c3+ Ke3
36.Rg3+ Kd2 37.Qb2+ Kd1 38.Qb1+ Kd2 39.Qb2+  1/2-1/2

[Event "Asia-chT (Women)"]
[Site "Singapore"]
[Date "1995.??.??"]
[Round "4"]
[White "Kim, Olga"]
[Black "Hoang Than Trang"]
[Result "0-1"]
[WhiteElo "2145"]
[BlackElo "2405"]

1.e4 e6 2.d4 d5 3.Nc3 Nf6 4.e5 Nfd7 5.f4 c5 6.Nf3 Nc6 7.Be3 cxd4 8.Nxd4 Bc5
9.Qd2 O-O 10.O-O-O a6 11.h4 Qc7 12.h5 Bxd4 13.Bxd4 b5 14.h6 g6 15.Kb1 b4
16.Ne2 a5 17.Qe3 Ba6 18.Bc5 Nxc5 19.Qxc5 Bxe2 20.Bxe2 Rfe8 21.Bd3 Qa7 22.Qxa7 Rxa7
23.Rhf1 f6 24.exf6 Rf7 25.Rfe1 Rxf6 26.g3 Kf7 27.Re3 Ne7 28.Rh1 Nf5 29.Rf3 Ke7
30.Kc1 Kd6 31.Kd2 Rg8 32.g4 Nd4 33.Rff1 Rgf8 34.Ke3 Nc6 35.Rhg1 e5 36.fxe5+ Nxe5
37.Rxf6+ Rxf6 38.g5 Re6 39.Kf2 Kc5 40.Rg3 Nxd3+ 41.Rxd3 Re5 42.Rg3 Kd4 43.a3 Rf5+
44.Ke2 Ke5 45.axb4 axb4 46.Ke3 Rf4 47.Rg2 Kf5 48.Kd3 Rh4 49.Ke3 Rg4 50.Rxg4 Kxg4
51.Kd4 Kxg5 52.Kxd5 Kf4 53.c4 bxc3 54.bxc3 g5 55.Ke6 g4 56.Kf7 g3 57.Kg7 g2
58.Kxh7 g1=Q 59.Kh8 Kf5 60.h7 Kf6  0-1

[Event "Asia-chT (Women)"]
[Site "Singapore"]
[Date "1995.??.??"]
[Round "4"]
[White "Hassan, M."]
[Black "Wijesuriya, Suneetha"]
[Result "0-1"]
[WhiteElo "2005"]
[BlackElo "2005"]

1.e4 e6 2.d4 d5 3.Nc3 Nf6 4.e5 Nfd7 5.Nf3 c5 6.Bf4 Qb6 7.b3 cxd4 8.Qxd4 Qxd4
9.Nxd4 Bb4 10.Nb5 a6 11.Nc7+ Kd8 12.Nxa8 Bxc3+ 13.Kd1 Bxa1 14.Bg5+ f6 15.exf6 gxf6
16.Kd2 Be5 17.Ke2 Nc6 18.c3 Bc7  0-1

[Event "Asia-chT (Women)"]
[Site "Singapore"]
[Date "1995.??.??"]
[Round "6"]
[White "Tamin, Upi Darmayana"]
[Black "Hoang Than Trang"]
[Result "1/2-1/2"]
[WhiteElo "2135"]
[BlackElo "2405"]

1.e4 e6 2.d4 d5 3.Nc3 Nf6 4.e5 Nfd7 5.f4 c5 6.Nf3 Nc6 7.Be3 cxd4 8.Nxd4 Bc5
9.Qd2 O-O 10.O-O-O a6 11.h4 Qc7 12.Kb1 Bxd4 13.Bxd4 b5 14.g4 Nxd4 15.Qxd4 Qc5
16.Qxc5 Nxc5 17.b4 Nd7 18.g5 Nb6 19.h5 Bd7 20.h6 g6 21.Rd4 Rfc8 22.Rh3 Rc7
23.Nd1 Rac8 24.c3 Ra7 25.Bd3 a5 26.bxa5 Na4 27.Bc2 Nc5 28.Nf2 Rxa5 29.Ng4 Kh8
30.Nf6 Bc6 31.Rb4 Rca8 32.Bb3 Nxb3 33.axb3 Ra1+ 34.Kc2 R8a2+ 35.Kd3 Rd1+
36.Ke3 Rc2 37.Rd4 Re1+ 38.Kf3 Rxc3+ 39.Kg2 Rxh3 40.Kxh3 Re3+ 41.Kg4 Rxb3
42.Rd2 b4 43.Rc2 Rc3 44.Ra2 Ra3 45.Rc2 Ra6 46.Rb2 Rb6 47.Ra2 b3 48.Ra7 Bb7
49.Nd7 Rb5 50.Nc5 Rxc5 51.Rxb7 Rc8 52.Rxb3 Kg8 53.Kf3 Kf8 54.Ke3 Ke8 55.Rb7 Rc3+
56.Kd4 Rc4+ 57.Ke3 Rc3+  1/2-1/2

[Event "Sollentuna op"]
[Site "Sollentuna"]
[Date "1995.??.??"]
[Round "6"]
[White "Sittenfeld, Johan"]
[Black "Styazhkin, V."]
[Result "1-0"]
[WhiteElo "2220"]
[BlackElo "2375"]

1.e4 e6 2.d4 d5 3.Nc3 Nf6 4.e5 Nfd7 5.f4 c5 6.Nf3 Nc6 7.Be3 cxd4 8.Nxd4 Qb6
9.Qd2 Qxb2 10.Rb1 Qa3 11.Bb5 Ndb8 12.O-O Bb4 13.Rb3 Qa5 14.Rfb1 Bxc3 15.Rxc3 Bd7
16.Bxc6 bxc6 17.Nb3 Qd8 18.Bc5 Na6 19.Bd6 Qb6+ 20.Kh1 c5 21.Qe1 c4 22.Nc5 Qc6
23.Qh4 f6 24.Qh5+ Kd8 25.Nxd7 g6 26.Qh6 Qxd7 27.Ra3 Nb8 28.Bxb8  1-0

[Event "ESP-chTa"]
[Site "Spain"]
[Date "1995.??.??"]
[Round "3"]
[White "De la Riva Aguado, Oscar"]
[Black "Herraiz Hidalgo, Herminio"]
[Result "1/2-1/2"]
[WhiteElo "2430"]
[BlackElo "2260"]

1.e4 e6 2.d4 d5 3.Nc3 Nf6 4.e5 Nfd7 5.f4 c5 6.Nf3 Qb6 7.Be3 Nc6 8.a3 cxd4
9.Nxd4 Bc5 10.Na4 Qa5+ 11.c3 Bxd4 12.Bxd4 Nxd4 13.Qxd4 b6 14.Qb4 Qxb4 15.axb4 Ke7
16.Bb5 f6 17.exf6+ gxf6 18.f5 Bb7 19.Bxd7 Kxd7 20.fxe6+ Kxe6 21.O-O Rhg8
22.Rf2 Rac8 23.b3  1/2-1/2

[Event "ESP-chTa"]
[Site "Spain"]
[Date "1995.??.??"]
[Round "6"]
[White "Sion Castro, Marcelino"]
[Black "Comas Fabrego, Luis"]
[Result "1-0"]
[WhiteElo "2375"]
[BlackElo "2490"]

1.e4 e6 2.d4 d5 3.Nc3 Nf6 4.e5 Nfd7 5.Nce2 c5 6.c3 Nc6 7.f4 cxd4 8.cxd4 f6
9.Nf3 fxe5 10.fxe5 Qb6 11.a3 Be7 12.Nc3 O-O 13.Na4 Qd8 14.Be3 Nb6 15.Nxb6 Qxb6
16.b4 Rxf3 17.gxf3 Nxe5 18.Bd3 Bh4+ 19.Kf1 Nc4 20.Qe2 e5 21.h3 Be6 22.Bxc4 exd4
23.Bxd4 Qxd4 24.Qxe6+ Kh8 25.Ra2 Qxc4+ 26.Re2 Rf8 27.Kg2 h6 28.Rg1 Rf6 29.Qe8+ Kh7
30.Kh1 Bg5 31.Rg3 Qf4 32.Reg2 Rf7 33.Qe2 Re7 34.Qd3+ Kh8 35.Rg4 Qf7 36.Re2 Rxe2
37.Qxe2 Bf6 38.Qd3 Qd7 39.Kg2 Kg8 40.Rc4 b6 41.b5  1-0

[Event "St Ingbert op"]
[Site "St Ingbert op"]
[Date "1995.??.??"]
[Round "7"]
[White "Schmaltz, Roland"]
[Black "Schmittdiel, Eckhard"]
[Result "1-0"]
[WhiteElo "2445"]
[BlackElo "2435"]

1.e4 e6 2.d4 d5 3.Nc3 Nf6 4.e5 Nfd7 5.f4 c5 6.Nf3 Nc6 7.Be3 a6 8.Qd2 b5 9.dxc5 Nxc5
10.Qf2 b4 11.Bxc5 bxc3 12.b3 Be7 13.Bd3 Bb7 14.O-O g6 15.h3 Rc8 16.Bxe7 Qxe7
17.a3 O-O 18.Nh2 f5 19.exf6 Qxf6 20.Rae1 Rce8 21.Qg3 Qg7 22.Ng4 Nd4 23.Ne5 Qe7
24.Kh1 Rc8 25.f5 Qg7 26.fxg6 hxg6 27.Nxg6 Rxf1+ 28.Rxf1 Nc6 29.Rf4  1-0

[Event "St Petersburg op"]
[Site "St Petersburg"]
[Date "1995.??.??"]
[Round "5"]
[White "Solozhenkin, Evgeniy"]
[Black "Ulibin, Mikhail"]
[Result "1/2-1/2"]
[WhiteElo "2480"]
[BlackElo "2540"]

1.e4 e6 2.d4 d5 3.Nc3 Nf6 4.e5 Nfd7 5.f4 c5 6.Nf3 Nc6 7.Be3 Qb6 8.Na4 Qa5+
9.c3 c4 10.b4 Qc7 11.g3 Be7 12.Bg2 f5 13.exf6 Nxf6 14.Ne5 O-O 15.O-O b6 16.Nb2 Bb7
17.Qc2 a5 18.b5 Nxe5 19.fxe5 Ne4 20.Na4 Rae8 21.Qe2 Bd8 22.Rxf8+ Rxf8 23.Rf1 Rxf1+
24.Qxf1 Ng5 25.Nb2 Bc8 26.Qc1 Qe7 27.a4 Bd7 28.Nd1 h6 29.Nf2 Be8 30.h4 Nh7
31.Bf3 Bg6 32.h5 Bf7 33.Nh3 Be8 34.Kg2 Bf7 35.Bg4 Qe8 36.Qf1 Qe7 37.Bc1 Kh8
38.Qe2 Kg8 39.Qf3 Kh8 40.Qf1 Kg8 41.Qe2 Qe8 42.Nf4 Bg5 43.Bb2 Nf8 44.Ba3 Be7
45.Qa2 Nh7 46.Nxe6 Bxa3 47.Nc7 Qe7 48.e6 Qxc7 49.exf7+ Kxf7 50.Qxa3 Nf6 51.Bf3 Qd7
52.Qb2 Qf5 53.Qe2 Qg5 54.Kf2  1/2-1/2

[Event "SVK-chT"]
[Site "?"]
[Date "1995.??.??"]
[Round "?"]
[White "Lenhart, Djuro"]
[Black "Repkova Eid, Eva"]
[Result "0-1"]
[WhiteElo "2220"]
[BlackElo "2250"]

1.e4 e6 2.d4 d5 3.Nc3 Nf6 4.e5 Nfd7 5.Nf3 c5 6.Bb5 Nc6 7.O-O cxd4 8.Nxd4 Ncxe5
9.Re1 Bd6 10.Bf4 Qf6 11.Bg3 O-O 12.Qe2 Nc4 13.Bxc4 Bxg3 14.hxg3 Qxd4 15.Bb3 Nf6
16.Rad1 Qg4 17.Qe5 Qh5 18.Qf4 Ng4 19.Qf3 b6 20.Nb5 Ba6 21.a4 Rac8 22.Rd4 Qh2+
23.Kf1 h5 24.Rdd1 Rc5 25.Ke2 e5 26.Bxd5 Rxc2+ 27.Rd2 Rc5 28.Kd1 Bxb5 29.axb5 Nf6
30.Rxe5 Rfc8 31.Re7 Qg1+ 32.Ke2 Rc1 33.Bxf7+ Kf8 34.Qe3 Re1+ 35.Kf3 Rxe3+
36.Rxe3 Kxf7 37.Rde2 Qb1 38.Re7+ Kf8 39.g4 hxg4+ 40.Kg3 Qd3+ 41.Kh4 Rc5 42.R2e3 Qd6  0-1

[Event "SVK-chT"]
[Site "?"]
[Date "1995.??.??"]
[Round "?"]
[White "Betko, Lubomir"]
[Black "Repkova Eid, Eva"]
[Result "0-1"]
[WhiteElo "2185"]
[BlackElo "2295"]

1.e4 e6 2.d4 d5 3.Nc3 Nf6 4.e5 Nfd7 5.f4 c5 6.Nf3 Nc6 7.Be3 a6 8.Qd2 b5 9.dxc5 Bxc5
10.Nd4 Qb6 11.O-O-O Bb7 12.h4 Rc8 13.Rh3 b4 14.Nce2 a5 15.Nxc6 Bxc6 16.Nd4 Bxd4
17.Bxd4 Nc5 18.Bxc5 Qxc5 19.Qd4 Ba4 20.Qxc5 Rxc5 21.b3 Bd7 22.Kb2 Ke7 23.c4 a4
24.Rd4 Rhc8 25.Rhd3 Bb5 26.Rd2 a3+ 27.Kc2 dxc4 28.Bxc4 Bxc4 29.Rxc4 Rxc4+
30.bxc4 Rxc4+ 31.Kb3 Rxf4 32.g3 Rf3+ 33.Kxb4 Rxg3 34.Rc2 g6 35.Rc7+ Kf8 36.Kc5  0-1

[Event "SVK-chT"]
[Site "?"]
[Date "1995.??.??"]
[Round "?"]
[White "Gazik, Igor"]
[Black "Likavsky, Tomas"]
[Result "1-0"]
[WhiteElo "2400"]
[BlackElo "2270"]

1.e4 e6 2.d4 d5 3.Nc3 Nf6 4.e5 Nfd7 5.f4 c5 6.Nf3 Nc6 7.Be3 a6 8.Qd2 b5 9.g3 Qc7
10.Bh3 Nb6 11.b3 cxd4 12.Nxd4 Nxd4 13.Bxd4 g6 14.O-O Bc5 15.Ne2 Bxd4+ 16.Nxd4 h5
17.Kh1 Bd7 18.Rae1 O-O-O 19.Rf3 Kb8 20.Qa5 Qb7 21.Bf1 Rc8 22.a4 Rc5 23.axb5 Bxb5
24.Bxb5 axb5 25.Rc3 Rhc8 26.Rxc5 Rxc5 27.Qb4 Qc8 28.Nxb5 Rxc2 29.Nd4 Kb7
30.Nxc2 Qxc2 31.Qe7+ Ka6 32.Qb4 Kb7 33.Kg1 d4 34.Qxd4 Qxb3 35.Qe4+ Kc7 36.Rc1+ Kd8
37.Rb1 Qd5 38.Qxd5+ Nxd5 39.Rb7 Ke8 40.Kg2 Kf8 41.Kf3 Ne7 42.Rb8+ Kg7 43.Re8 Nf5
44.h3 Nh6 45.g4 hxg4+ 46.hxg4 Kh7 47.Kg3 Kg7 48.Kh4 Kh7 49.Re7 Kg7 50.Ra7 Kh7
51.Kg5 Kg7 52.Rb7 Ng8 53.f5 exf5 54.gxf5 gxf5 55.e6 Kf8 56.Rb8+ Kg7 57.Rxg8+  1-0

[Event "SWZ-chT"]
[Site "SWZ"]
[Date "1995.??.??"]
[Round "6"]
[White "Franzoni, Giancarlo"]
[Black "Zueger, Beat"]
[Result "1-0"]
[WhiteElo "2445"]
[BlackElo "2470"]

1.e4 e6 2.d4 d5 3.Nc3 Nf6 4.e5 Nfd7 5.f4 c5 6.Nf3 Nc6 7.Be3 cxd4 8.Nxd4 Qb6
9.Qd2 Qxb2 10.Rb1 Qa3 11.Bb5 Nxd4 12.Bxd4 Bb4 13.O-O a6 14.Rb3 Qa5 15.Rfb1 Ba3
16.Bxd7+ Bxd7 17.Rxa3 Qxa3 18.Rxb7 Rc8 19.f5 Bc6 20.Ra7 Qb4 21.a3 Qc4 22.Nd1 Bd7
23.Ne3 Qb5 24.Qb4 Qxb4 25.axb4 exf5 26.Nxd5 Be6 27.Nb6 O-O 28.Nxc8 Rxc8 29.c3 Bc4
30.e6 Re8 31.exf7+ Bxf7 32.Rxa6 f4 33.Ra5 h6 34.h4 Re2  1-0

[Event "Szekszard op "]
[Site "Szekszard"]
[Date "1995.??.??"]
[Round "?"]
[White "Bekesi, Istvan"]
[Black "Meszaros, Gyorgy"]
[Result "1/2-1/2"]
[WhiteElo "2070"]
[BlackElo "2225"]

1.e4 e6 2.d4 d5 3.Nc3 Nf6 4.e5 Nfd7 5.f4 c5 6.Nf3 Nc6 7.Be3 cxd4 8.Nxd4 Qb6
9.Qd2 Qxb2 10.Rb1 Qa3 11.Rb3 Qa5 12.Bb5 Qc7 13.O-O Be7 14.Qf2 O-O 15.Kh1 a6
16.Bd3 Na5 17.Rc1 Nxb3 18.cxb3 Qd8 19.Qg3 g6 20.Qh3 Re8 21.Nxe6 Nxe5 22.Nxd8 Bxh3
23.fxe5 Bc8 24.Nxf7 Kxf7 25.Nxd5 Bd8 26.Bb6 Bxb6 27.Nxb6 Rb8 28.Rc7+ Kg8
29.Bc4+ Kh8 30.h3 Rxe5 31.Nxc8 b5 32.Bf1 Re1 33.Kg1 Ra1 34.Rc2 Kg7 35.Kf2 Kf6
36.g3 Ke5 37.Bg2 Kd4 38.Bf1 a5 39.Be2 g5 40.Kf3 h6 41.Kg4 a4 42.Ne7 Rb6 43.Nf5+ Ke4
44.Bxb5 Rxb5 45.Nd6+ Kd3 46.Nxb5 Kxc2 47.bxa4 Rxa2 48.Nd4+ Kd3 49.Nf5 Rxa4+
50.Kh5 Ke4 51.Nxh6 Kf3 52.g4 Kf4 53.Nf7 Ra5 54.Nd8  1/2-1/2

[Event "Tel Aviv "]
[Site "Tel Aviv "]
[Date "1995.??.??"]
[Round "?"]
[White "Gofshtein, Leonid D"]
[Black "Zifroni, Dov"]
[Result "1-0"]
[WhiteElo "2465"]
[BlackElo "2370"]

1.e4 e6 2.d4 d5 3.Nc3 Nf6 4.e5 Nfd7 5.f4 c5 6.Nf3 Nc6 7.Be3 Qb6 8.Na4 Qa5+
9.c3 b6 10.Bd2 c4 11.b4 Qa6 12.Be2 Be7 13.O-O f5 14.g4 fxg4 15.Ng5 Nf8 16.Bxg4 g6
17.Nb2 Bd7 18.a4 Nd8 19.Qf3 Qc8 20.Qh3 h6 21.Nd1 Nf7 22.Nxf7 Kxf7 23.Ne3 Ke8
24.b5 a6 25.Rfb1 axb5 26.axb5 Rh7 27.Bf3 Kd8 28.Qg2 Ke8 29.Be1 Rxa1 30.Rxa1 Bxb5
31.f5 Bg5 32.Bf2 gxf5 33.Nxd5 exd5 34.Bh5+ Ke7 35.Qxd5  1-0

[Event "JUG-chT"]
[Site "Tivat"]
[Date "1995.??.??"]
[Round "1"]
[White "Knezevic, Bojan"]
[Black "Miljanic, Boro"]
[Result "1/2-1/2"]
[WhiteElo "2340"]
[BlackElo "2380"]

1.e4 e6 2.d4 d5 3.Nc3 Nf6 4.e5 Nfd7 5.f4 c5 6.Nf3 Nc6 7.Be3 a6 8.Qd2 b5 9.dxc5 b4
10.Na4 Qa5 11.Nb6 Rb8 12.Nxd7 Bxd7 13.a4 Bxc5 14.Bxc5 Qxc5 15.Bxa6 O-O 16.Qf2 Qxf2+
17.Kxf2 f6 18.exf6 Rxf6 19.Ke3 Rbf8 20.Bb5 Rxf4 21.Rhd1 g5 22.Bxc6 Re4+ 23.Kd3 Bxc6
24.Nxg5 Rg4 25.Nxe6 Rf6 26.Re1 Rf2 27.Rf1 Rgxg2 28.Rxf2 Rxf2 29.Nd4 Bb7 30.h3  1/2-1/2

[Event "JUG-chT (Women)"]
[Site "Tivat"]
[Date "1995.??.??"]
[Round "1"]
[White "Maric, Mirjana"]
[Black "Zaitseva, Ludmila G"]
[Result "1/2-1/2"]
[WhiteElo "2210"]
[BlackElo "2360"]

1.e4 e6 2.d4 d5 3.Nc3 Nf6 4.e5 Nfd7 5.f4 c5 6.Nf3 Nc6 7.Be3 a6 8.Qd2 b5 9.dxc5 Bxc5
10.Bxc5 Nxc5 11.Qf2 Qe7 12.Bd3 b4 13.Ne2 a5 14.O-O Ba6 15.Rfd1 Nd7 16.Ned4 Nxd4
17.Nxd4 O-O 18.a3 Bxd3 19.Rxd3 Rfc8 20.Rh3 Rab8 21.axb4 axb4 22.Rd1 Ra8 23.Qe2 Ra2
24.Qh5 Nf8 25.Rb3 Rc4 26.Qf3 Qa7 27.c3 Ra1 28.Rxa1 Qxa1+ 29.Kf2 Nd7 30.Kg3 Nc5
31.Nc2 Qb1 32.Rxb4 Rxb4 33.Nxb4 Qxb2 34.Kh3 Ne4 35.Nc6 Qxc3 36.Qxc3 Nxc3
37.Kg3 Kf8 38.Kf3 f6 39.Ke3 Nb5 40.g3 Ke8 41.Kd3 Kd7 42.Nb4 fxe5 43.fxe5 Kc7
44.Ke3 Na7 45.Nd3 Nc6 46.Nc5 Nd8 47.Kd4 Kc6 48.h4 g6 49.g4 h6 50.g5 hxg5
51.hxg5 Kc7 52.Kd3 Kb6 53.Nd7+ Kc6 54.Nf8 Kc5 55.Nd7+ Kb5 56.Nf8 Kb4 57.Nxg6 Nf7
58.Nf4 Nxg5 59.Nxd5+  1/2-1/2

[Event "Tomo Zupan op"]
[Site "Tomo Zupan"]
[Date "1995.??.??"]
[Round "2"]
[White "Gaspersic, M."]
[Black "Rabic, Drago"]
[Result "1/2-1/2"]
[WhiteElo "1840"]
[BlackElo "1855"]

1.e4 e6 2.d4 d5 3.Nc3 Nf6 4.e5 Nfd7 5.f4 c5 6.Nf3 Nc6 7.Be3 Qb6 8.Rb1 Be7
9.Be2 a6 10.O-O g6 11.Kh1 Qa7 12.a4 b6 13.Ra1 Bb7 14.Qd2 O-O-O 15.dxc5 bxc5
16.Bf2 h6 17.Bh4 Qb6 18.Bxe7 Nxe7 19.Ra3 Nf5 20.Bd3 h5 21.Rb1 h4 22.Bxf5 gxf5
23.Ng5 d4 24.Na2 f6 25.Rb3 Qc6 26.Nf7 fxe5 27.fxe5 Nb6 28.Nxd8 Rxd8 29.Ra3 Nc4
30.Qg5 Nxa3 31.bxa3 h3 32.a5 hxg2+ 33.Kg1 Qd5 34.Qe7 Rd7 35.Qf8+ Kc7 36.Nc1 Qxe5
37.Nd3 Qe3+ 38.Nf2 d3 39.cxd3 f4 40.Qe8 Qd4 41.Qxe6 f3 42.Qb6+ Kc8 43.Rc1 Rc7
44.Qe6+ Kb8 45.Rb1 c4 46.Qxa6 cxd3 47.Qxd3 Qxd3 48.Nxd3 Ka7 49.Ne5 Rc2 50.Rxb7+ Kxb7
51.Nxf3 Ra2 52.h4 Rxa3 53.Kxg2 Rxa5 54.Kg3 Kc6 55.Ng5 Kd6 56.Kg4 Ke7 57.h5 Kf6
58.Ne4+ Kg7 59.Ng3 Rxh5  1/2-1/2

[Event "FRA-ch"]
[Site "Toulouse"]
[Date "1995.??.??"]
[Round "2"]
[White "Grimberg, Gilbert"]
[Black "Bricard, Emmanuel"]
[Result "0-1"]
[WhiteElo "2275"]
[BlackElo "2485"]

1.e4 e6 2.d4 d5 3.Nc3 Nf6 4.e5 Nfd7 5.f4 c5 6.Nf3 Nc6 7.Ne2 b5 8.a3 a5 9.Nc3 b4
10.axb4 Nxd4 11.Nxd4 cxd4 12.Nb5 Bxb4+ 13.Bd2 Bxd2+ 14.Qxd2 O-O 15.Nxd4 Qb6
16.b4 Rb8 17.Rxa5 Qxb4 18.Rb5 Qa3 19.Rxb8 Nxb8 20.Be2 Nd7 21.O-O Nc5 22.Bf3 Ne4
23.Qd3 Qc5 24.Qe3 Bd7 25.Ra1 h6 26.h4 Nc3 27.Kf2 Rc8 28.Be2 Ne4+ 29.Kg1 Qe7
30.Ra7 Qxh4 31.Rxd7 Qe1+ 32.Kh2 Rc3 33.Qxe4 dxe4 34.f5 Ra3  0-1

[Event "POL-ch"]
[Site "Warsaw"]
[Date "1995.??.??"]
[Round "4"]
[White "Socko, Bartosz"]
[Black "Kaminski, Marcin"]
[Result "1-0"]
[WhiteElo "2385"]
[BlackElo "2455"]

1.e4 e6 2.d4 d5 3.Nc3 Nf6 4.e5 Nfd7 5.f4 c5 6.Nf3 Nc6 7.Be3 cxd4 8.Nxd4 Bc5
9.Qd2 O-O 10.O-O-O a6 11.h4 Bxd4 12.Bxd4 b5 13.Rh3 b4 14.Na4 Qa5 15.b3 Nxd4
16.Qxd4 Bb7 17.c3 Rfc8 18.Kb2 bxc3+ 19.Rxc3 Rxc3 20.Qxc3 Qd8 21.g3 Rc8 22.Qb4 Qc7
23.Bd3 a5 24.Qd6 Qxd6 25.exd6 Rc6 26.Bb5 Rxd6 27.Rc1 Nb6 28.Rc7 Nxa4+ 29.bxa4 Rb6
30.Kc3 e5 31.fxe5 g5 32.e6 fxe6 33.Kd4 gxh4 34.Kc5 Rxb5+ 35.axb5 d4 36.gxh4  1-0

[Event "Werfen op"]
[Site "Werfen"]
[Date "1995.??.??"]
[Round "7"]
[White "Wuppinger, Manfred"]
[Black "Wichmann, Cliff"]
[Result "0-1"]
[WhiteElo "2235"]
[BlackElo "2205"]

1.e4 e6 2.d4 d5 3.Nc3 Nf6 4.e5 Nfd7 5.f4 c5 6.Nf3 Nc6 7.Be3 a6 8.Be2 cxd4
9.Nxd4 Bc5 10.Na4 Qa5+ 11.c3 Be7 12.b4 Qc7 13.O-O b5 14.Nb2 g6 15.Bd3 Ncxe5
16.fxe5 Qxc3 17.Qf3 Nxe5 18.Qf4 f6 19.Nxe6 Bxe6 20.Bd4 Qxb4 21.Bxe5 fxe5
22.Qxe5 Kd7 23.a4 Bc5+ 24.Kh1 Bd4 25.Qf4 Raf8 26.Qh6 Bxb2 27.Rab1 Rxf1+ 28.Bxf1 bxa4
29.Qe3 Qb7 30.Rd1 Re8 31.Qc5 Rc8 32.Qa5 Qc6 33.Be2 Bc3  0-1

[Event "Sonnevanck"]
[Site "Wijk aan Zee"]
[Date "1995.??.??"]
[Round "5"]
[White "Van den Doel, Erik"]
[Black "Glek, Igor V"]
[Result "1/2-1/2"]
[WhiteElo "2305"]
[BlackElo "2590"]

1.e4 e6 2.d4 d5 3.Nc3 Nf6 4.e5 Nfd7 5.f4 c5 6.Nf3 Nc6 7.Be3 a6 8.Qd2 b5 9.a3 Bb7
10.Bd3 Qb6 11.Qf2 Rc8 12.O-O cxd4 13.Nxd4 Nxd4 14.Bxd4 Qxd4 15.Qxd4 Bc5 16.Ne2 Ke7
17.c3 Nb6 18.b3 g6 19.Rac1 h5 20.Kh1 Bxd4 21.cxd4 Rxc1 22.Rxc1 Rc8 23.Rxc8 Nxc8
24.Kg1 Na7 25.Kf2 Nc6 26.b4 Kd8 27.Ke3 Kc7 28.Kd2 Ne7 29.Ng1 Nc8 30.Nf3 Kd8
31.Kc3 Nb6 32.Kb3 Nc4 33.g3 Ke7 34.Be2 Bc6 35.Ne1 Nd2+ 36.Kc2 Nc4 37.Kb3 Nd2+
38.Kb2 Nc4+ 39.Ka2 Ne3 40.Kb3 Kd8 41.Nf3 Kc7 42.Bd3  1/2-1/2